000 00313nam a2200145 4500
008 211018b ||||| |||| 00| 0 eng d
020 _a9780195171143
041 _aeng
080 _23rd
_a910
082 _a910
100 _a42
101 _aGJEO
245 _aPhysical Geography
_cBlij,H.J
942 _2ddc
_cBK
999 _c58252
_d58252